000 00797 a2200205 4500
001 43794
005 20260407155718.0
008 260407a1945 arg spa d
003 AR-UNSa-BCEJYS
040 _aAR-UNSa-BCEJYS
_bspa
_cAR-UNSa-BCEJYS
080 _a330.342.14
_xEconomía capitalista
245 1 0 _aTeoría del desarrollo capitalista
264 1 _aMéxico :
_bFondo de Cultura Económica
_c1945
300 _a431 p.
_c21 cm.
505 _a1. El método de Marx - 2. El problema del valor cualitativo - 3. El problema del valor cuantitativo - 4. Plusvalía y capitalismo - 5. La acumulación y el ejército de reserva - 6. La tendencia descendente de la tasa de la ganancia -
041 _aspa
942 _cBK
590 _aniveau_biblio:m niveau_hierar:0
100 1 _aSweezy, Paul M.
999 _c3713
_d3713